Statistics for Countries with the Most Airports

Click here to take the quiz!

General Stats

  • This quiz has been taken 23,897 times
    (23,234 since last reset)
  • The average score is 16 of 20

Answer Stats

# Country % Correct
13,513United States
100%
507China
99%
1,218Russia
98%
1,467Canada
97%
460United Kingdom
97%
464France
96%
4,093Brazil
96%
539Germany
95%
1,714Mexico
94%
480Australia
92%
1,138Argentina
89%
481Chile
78%
566South Africa
75%
673Indonesia
73%
836Colombia
73%
444Venezuela
64%
855Bolivia
52%
799Paraguay
44%
432Ecuador
43%
561Papua New Guinea
11%

Score Distribution

Percentile by Number Answered

Percent of People with Each Score

Your Score History

You have not taken this quiz since the last reset